000 00343nam a2200145Ia 4500
008 230718s9999 xx 000 0 und d
041 _aEng.
082 _a338.73
_bABB-P
100 _aAbbasi, Prof. Dr. Muhammad
245 0 _aPartnership Act 1952
260 _aPakistan
_blaw fublisher
_c2004
300 _a17
650 _aLaw
999 _c28979
_d28979